000 00644nam a2200193Ii 4500
003 JO-AjNU
008 230605s9999||||xx |||||||||||||| ||und||
040 _aJO-AjNU
_bara
_erda
_cJO-AjNU
041 _aara
050 1 4 _aTJ163.2 1989
100 3 _aوود، بول بلاك ؛ ترجمة جعفر الخياط، محمد صادق رضا ,
_eauthor
_934708
245 0 0 _aالطاقة وعناصرها الاساسية
264 3 1 _aبغداد: دار الكتاب، 1989
300 _a210ص
336 _atext
_btxt
_2rdacontent
337 _aunmediated
_bn
_2rdamedia
338 _avolume
_bnc
_2rdacarrier
650 4 _aالطاقة
_934709
999 _aA14258
_c17826
_d17826